000 00569nam a2200205Ia 4500
003 OSt
005 20230509153834.0
008 210423s2011 xx 000 0 und d
020 _a9788170356837
040 _cAL
041 _aeng
082 _a576 KHUB
_223
100 _aKHUNTIA (B K).
_9101468
245 _aBasic microbiology: an illustrated laboratory manual.
260 _aDelhi
_bDaya Publishing House
_c2011
300 _axx,299
_bPB
365 _b495
_cINR
906 _aan ; Basic ; illustrated ; laboratory ; manual. ; microbiology:
942 _2ddc
_cBK
999 _c164569
_d164569